| 000 | 01485nam a2200337 a 4500 | ||
|---|---|---|---|
| 005 | 20171108115611.0 | ||
| 008 | 171108s2017 ck ao|||r|||| 00| 0 spa d | ||
| 020 | _a9789588426525 | ||
| 040 |
_aCO-BoIAVH _cCO-BoIAVH |
||
| 041 | 0 | _aspa | |
| 044 | _ack | ||
| 082 | 0 | 4 |
_a598.098614 _bL63m |
| 100 | 1 |
_aLinares-Romero, Luis Guillermo _eautor |
|
| 245 | 1 | 3 |
_aLa magia de las aves de Chingaza / _cLuis Guillermo Linares-Romero [y otros 7] |
| 260 |
_aBogotá (Colombia) : _bParques Nacionales Naturales de Colombia, _c2017. |
||
| 300 |
_a246 páginas : _bilustraciones a color y fotografías a color ; _c21 x 14 cm. |
||
| 500 | _aIncluye índices de nombre científicos y comunes. | ||
| 504 | _aIncluye referencias bibliográficas: páginas 236-237. | ||
| 650 | 2 | 6 |
_aAves _zParque Nacional Natural Chingaza (Colombia) _vGuías |
| 650 | 2 | 6 |
_aAves _xIdentificación _zParque Nacional Natural Chingaza (Colombia) _vGuías |
| 650 | 2 | 6 |
_aAves _xTaxonomía _zParque Nacional Natural Chingaza (Colombia) _vGuías |
| 650 | 2 | 4 |
_aAvifauna _zParque Nacional Natural Chingaza (Colombia) _vGuías |
| 700 | 1 |
_aGary Stiles, F. _eautor |
|
| 700 | 1 |
_aRoselli, Loreta _eautora |
|
| 700 | 1 |
_aCamargo M. _eautor |
|
| 700 | 1 |
_aCandil, Jonathan _eautor |
|
| 700 | 1 |
_aGalindo Tarazona, Robinson _eautor |
|
| 700 | 1 |
_aAvellaneda, Fredy Enrique _eautor |
|
| 700 | 1 |
_aPulido, Ángel Ramiro _eautor |
|
| 942 |
_2ddc _cLIBRO |
||
| 999 |
_c19962 _d19962 |
||